000 02537cam a22003375a 4500
001 L144271
008 080707s2008 xxkd f 000 0 eng d
035 _a(Sirsi) u144271
041 0 _aeng
050 0 4 _a690.241 $2 18
110 2 _aEnglish Heritage
_92714
245 0 0 _aEnabling development and the conservation of significant places
_h[electronic resource]
260 _c2008
505 2 _aThe concept of enabling development -- Roles and responsibilities -- The legal basis for requiring the justification necessary to determine planning applications -- Understanding the place and identifying options -- Understanding the figures -- Making the decision -- Securing the benefits -- Monitoring and enforcement -- Appendices
520 _aDiscusses development and conservation of historically significant places. Guidance applies only to development contrary to established planning policy, not proposals to secure the future of significant places that are in accordance with the local development framework and national policy. The policy itself sits within the framework provided by Principles, Policies and Guidance for the sustainable management of the historic environment (2008), and detailed practical guidance provided here should be applied within the context provided by it. Both documents should be used in conjunction with, the criteria set out in PPG 15, Planning and the Historic Environment and PPG 16, Archaeology and Planning.
521 _aAdvanced
590 _aKA
650 2 4 _aPLANNING POLICY GUIDANCE 15 (PLANNING AND THE HISTORIC ENVIRONMENT)
650 2 4 _aPLANNING POLICY GUIDANCE 16 (ARCHAEOLOGY AND PLANNING)
650 2 4 _aR V WESTMINSTER CITY COUNCIL EX PARTE MONAHAN
650 2 4 _aNORTHUMBERLAND COUNTY COUNCIL V SECRETARY OF STATE FOR THE ENVIRONMENT
650 2 4 _aTOWN AND COUNTRY PLANNING ACT 1990 S215
650 2 4 _aTOWN AND COUNTRY PLANNING (APPLICATIONS) REGULATIONS 1988 (SI1988/1812)
650 2 4 _aTOWN AND COUNTRY PLANNING (GENERAL DEVELOPMENT PROCEDURE) ORDER 1995 (SI 1995/419)
650 2 4 _aTOWN AND COUNTRY PLANNING (ENVIRONMENTAL IMPACT ASSESSMENT) (ENGLAND AND WALES) REGULATIONS 1999 (SI 1999/293)
650 2 4 _aPLANNING POLICY STATEMENT 7 (SUSTAINABLE DEVELOPMENT IN RURAL AREAS)
651 4 _aEngland and Wales
_y1543-
690 _aBUILT ENVIRONMENT-BUILDING MAINTENANCE AND REFURBISHMENT-BUILDING CONSERVATION
856 4 8 _uhttps://www.helm.org.uk/server/show/nav.005005001/chooseLetter/E
_zView the report for free online at www.helm.org.uk
942 _n0
999 _c108431
_d108431